00464 2200181 4500001002100000005001500021008004100036035001900077041000700096082001000103090001600113100002600129245002900155260003700184300003400221500001100255650001600266INLIS00000000000563020241224113133241224||||||||| | ||| |||| || |  0010-1224005630 aid0 a341.2 a341.2 TIM a0 aKOMUNITAS DIAN AKSARA00aAyo Mengenal Globalisasi aBogorbSurba Indah Mandiric2008 a21x15 cm, vi, 74 hlm.; ilus.: aCet. 1 0aIlmu Sosial